000
00184nam a2200073Ia 4500
008
170817s9999 xx 000 0 und d
100
_a
Bharadwaj.R.K
245
0
_a
shiksha ke aadhaar
260
_b
Agarwal Prakashan Agara
999
_c
39354
_d
39354